Guide to electrical study. Английский язык для студентов энергетических специальностей (Запись № 4342063)

Подробности
000 -МАРКЕР
контрольное поле 01927nam0a2200325 i 4500
001 - ИДЕНТИФИКАТОР ЗАПИСИ
контрольное поле RU\NLR\bibl\2011194
005 - ИДЕНТИФИКАТОР ВЕРСИИ
контрольное поле 20240921183948.0
010 ## - МЕЖДУНАРОДНЫЙ СТАНДАРТНЫЙ НОМЕР КНИГИ (ISBN)
Номер (ISBN) 9785502000208
Тираж 100
021 ## - НОМЕР ГОСУДАРСТВЕННОЙ РЕГИСТРАЦИИ
Код страны российская федерация
Номер 2013-12950
Номер Листа государственной регистраци 925
035 ## - ДРУГИЕ СИСТЕМНЫЕ НОМЕРА
Идентификатор записи (NLR Aleph) 001999737
100 ## - ДАННЫЕ ОБЩЕЙ ОБРАБОТКИ
Данные общей обработки 20130313d2012 u y0rusy50 ca
101 0# - ЯЗЫК РЕСУРСА
Язык текста, звукозаписи и т.д. русский
-- английский
102 ## - СТРАНА ПУБЛИКАЦИИ ИЛИ ПРОИЗВОДСТВА
Страна публикации российская федерация
105 ## - ПОЛЕ КОДИРОВАННЫХ ДАННЫХ: ТЕКСТОВЫЕ МАТЕРИАЛЫ, МОНОГРАФИЧЕСКИЕ
Кодированные данные о монографическом текстовом документе a |||||||||
200 1# - ЗАГЛАВИЕ И СВЕДЕНИЯ ОБ ОТВЕТСТВЕННОСТИ
Основное заглавие Guide to electrical study. Английский язык для студентов энергетических специальностей
Сведения, относящиеся к заглавию учебное пособие
Первые сведения об ответственности Т.В. Захарченко, Л.С. Исмакова, Н.В. Соколова
Последующие сведения об ответственности М-во образования и науки Рос. Федерации, Федер. гос. бюджет. образоват. учреждение высш. проф. образования "Нижегор. гос. техн. ун-т им. Р.Е. Алексеева"
210 ## - ПУБЛИКАЦИЯ, РАСПРОСТРАНЕНИЕ И ДР.
Место издания, распространения и т.д. Нижний Новгород
Имя издателя, распространителя и т. д. Нижегородский государственный технический университет
Дата издания, распространения и т.д. 2012
215 ## - ФИЗИЧЕСКАЯ ХАРАКТЕРИСТИКА
Специфическое обозначение материала и объем 182 c.
Другие сведения о физической характеристике ил.
Размеры 21
517 0# - ДРУГИЕ ВАРИАНТЫ ЗАГЛАВИЯ
Вариант заглавия Английский язык для студентов энергетических специальностей
606 1# - НАИМЕНОВАНИЕ ТЕМЫ КАК ПРЕДМЕТ
Наименование темы Английский язык
Тематический подзаголовок Учебные издания для энергетиков
Системный номер авторитетной/нормативной записи 2434789
Идентификатор авторитетной/нормативной записи RU\NLR\AUTH\661448931
686 1# - ИНДЕКСЫ ДРУГИХ КЛАССИФИКАЦИЙ
Индекс Ш143.21-93рус328.71
700 #1 - ИМЯ ЛИЦА - ПЕРВИЧНАЯ ОТВЕТСТВЕННОСТЬ
Начальный элемент ввода Захарченко
Часть имени, кроме начального элемента ввода Т. В.
Расширение инициалов личного имени Татьяна Васильевна
Код отношения Автор
701 #1 - ИМЯ ЛИЦА - АЛЬТЕРНАТИВНАЯ ОТВЕТСТВЕННОСТЬ
Начальный элемент ввода Исмакова
Часть имени, кроме начального элемента ввода Л. С.
Расширение инициалов личного имени Лариса Станиславовна
Код отношения Автор
701 #1 - ИМЯ ЛИЦА - АЛЬТЕРНАТИВНАЯ ОТВЕТСТВЕННОСТЬ
Код отношения Автор
Начальный элемент ввода Соколова
Часть имени, кроме начального элемента ввода Н. В.
Дополнения к именам, кроме дат преподаватель, английский язык
Расширение инициалов личного имени Наталья Васильевна
Системный номер авторитетной/нормативной записи 127901
Идентификатор авторитетной/нормативной записи RU\NLR\AUTH\770127927
801 #0 - ИСТОЧНИК ЗАПИСИ
Страна российская федерация
Организация NLR
Дата составления 20130313
Правила каталогизации RCR
801 #1 - ИСТОЧНИК ЗАПИСИ
Страна российская федерация
Организация NLR
Дата составления 20130313
830 ## - ОБЩЕЕ ПРИМЕЧАНИЕ, СОСТАВЛЕННОЕ КАТАЛОГИЗАТОРОМ
Текст примечания Авт. по кн.
942 ## - ДОПОЛНИТЕЛЬНЫЕ ЭЛЕМЕНТЫ ЗАПИСИ (АБИС)
Тип экземпляра АБИС Книга
980 ## - КОЛЛЕКЦИЯ
Название коллекции НБР

Нет доступных экземпляров.